Körper

Berlin-based dance-maker and tanztheater luminary Sasha Waltz is celebrated for her compelling imagery and body-focused choreography. Taking the body itself as her subject in Körper, Waltz combines clinical analysis and fantastical illusions as 13 dancers meld together to form strange chimerical cre...

Descripción completa

Detalles Bibliográficos
Otros Autores: Waltz, Sacha
Formato: DVD
Lenguaje:alemán
Publicado: Berlin: 2000.
Materias:

MARC

LEADER 00000cgm a2200000 a 4500
001 030490
003 UAHC_CL
005 20190701170321.0
008 090309b gw 000 ger
952 |0 0  |1 0  |4 0  |6 DVD_232  |7 0  |8 COMP  |9 59642  |a BS  |b BS  |c Referencia  |d 2017-08-03  |l 0  |o DVD-232  |p 1370801  |r 2017-08-03 00:00:00  |t c.1  |w 2017-08-03  |y DVD 
999 |c 30490  |d 30490 
040 |a UAHC_CL  |c UAHC_CL  |d UAHC_CL 
245 1 0 |a Körper  |c Sacha Waltz. 
260 |a Berlin:  |c 2000. 
300 |a 1 videodisco (min.) 
520 |a Berlin-based dance-maker and tanztheater luminary Sasha Waltz is celebrated for her compelling imagery and body-focused choreography. Taking the body itself as her subject in Körper, Waltz combines clinical analysis and fantastical illusions as 13 dancers meld together to form strange chimerical creatures and squirm behind glass like scientific specimens, in a series of living tableaux. 
650 4 |a DANZA 
653 |a DANZA 
700 1 |a Waltz, Sacha 
900 |a DVD-232 
942 |c DVD